Library Logo

Pioneer International University Library Catalogue

Intelligent enterprise : (Record no. 3933)

MARC details
000 -LEADER
fixed length control field 00659cam a2200169 a 4500
005 - DATE AND TIME OF LATEST TRANSACTION
control field 20250901165432.0
008 - FIXED-LENGTH DATA ELEMENTS--GENERAL INFORMATION
fixed length control field 920513s1992 nyua b 001 0 eng
010 ## - LIBRARY OF CONGRESS CONTROL NUMBER
LC control number 92019384
020 ## - INTERNATIONAL STANDARD BOOK NUMBER
International Standard Book Number 0029256151 :
Terms of availability $29.95
050 00 - LIBRARY OF CONGRESS CALL NUMBER
Classification number HD58.9 .Q357 1992
Item number .Q357 1992
082 00 - DEWEY DECIMAL CLASSIFICATION NUMBER
Classification number 658.5/14
Edition information 20
100 1# - MAIN ENTRY--PERSONAL NAME
Personal name Quinn, James Brian,
Dates associated with a name 1928-
245 10 - TITLE STATEMENT
Title Intelligent enterprise :
Remainder of title a knowledge and service based paradigm for industry /
Statement of responsibility, etc. James Brian Quinn ; foreword by Tom Peters.
260 ## - PUBLICATION, DISTRIBUTION, ETC.
Place of publication, distribution, etc. New York :
Name of publisher, distributor, etc. Free Press ;
Place of publication, distribution, etc. Toronto :
Name of publisher, distributor, etc. Maxwell Macmillan Canada ;
Place of publication, distribution, etc. New York :
Name of publisher, distributor, etc. Maxwell Macmillan International,
Date of publication, distribution, etc. c1992.
300 ## - PHYSICAL DESCRIPTION
Extent xx, 473 p. :
Other physical details ill. ;
Dimensions 25 cm.
942 ## - ADDED ENTRY ELEMENTS (KOHA)
Source of classification or shelving scheme Library of Congress Classification
Holdings
Withdrawn status Lost status Source of classification or shelving scheme Damaged status Not for loan Home library Current library Shelving location Date acquired Total checkouts Full call number Barcode Date last seen Price effective from Koha item type
    Library of Congress Classification     Main Library Main Library   03/31/2021   HD58.9 .Q357 1992PIU PIU0006546 03/31/2021 03/31/2021 Books